000 00253nam a2200109Ia 4500
005 20251222175820.0
008 251222s9999||||xx |||||||||||||| ||spa||
082 _aDVD0070/B78/1996
245 0 _aSin LĂ­mites
264 _bFilm4 Productions
942 _cDVD
999 _c40452
_d40452